[Event "IBCA World Individual Chess Championship"]
[Site "Rzeszow"]
[Date "2025.??.??"]
[Round "5.28"]
[White "Galani, Mahendra"]
[Black "Muratova, Aliya"]
[Result "0-1"]
[WhiteElo "1593"]
[BlackElo "1471"]
[PlyCount "94"]
[EventDate "2025.??.??"]

1. e4 c5 2. Nf3 Nc6 3. c3 e5 4. Bb5 d6 5. h3 Be7 6. d4 exd4 7. cxd4 cxd4 8.
Bxc6+ bxc6 9. Qxd4 Nf6 10. O-O O-O 11. Re1 c5 12. Qe3 Bb7 13. Nc3 h6 14. Nh2
Re8 15. Qg3 Nh5 16. Qg4 Nf6 17. Qg3 Kh7 18. Qf4 Bc8 19. Qf3 Be6 20. Qd3 g6 21.
f4 Nd7 22. f5 Ne5 23. Qc2 Bc4 24. Re3 Bg5 25. Rg3 Bh4 26. Re3 Bg5 27. Re1 Nd3
28. Rd1 Nxc1 29. Ng4 Bd3 30. Qf2 Bxe4 31. Nxe4 Rxe4 32. fxg6+ Kxg6 33. Qc2 f5
34. Nf2 Be3 35. Kf1 Bxf2 36. Qxf2 Ne2 37. Rd3 Qf6 38. Rad1 Rae8 39. Rxd6 Rf4
40. Rxf6+ Kxf6 41. Rd6+ Kg5 42. Rd7 Rxf2+ 43. Kxf2 Kf4 44. Rh7 Ng3 45. Rxh6
Re2+ 46. Kg1 Re1+ 47. Kf2 Rf1# 0-1

[Event "IBCA World Individual Chess Championship"]
[Site "Rzeszow"]
[Date "2025.??.??"]
[Round "6.2"]
[White "Tazbir, Marcin"]
[Black "Stachanczyk, Jacek"]
[Result "1-0"]
[WhiteElo "2529"]
[BlackElo "2122"]
[PlyCount "89"]
[EventDate "2025.??.??"]

1. e4 c5 2. Nf3 d6 3. d4 cxd4 4. Qxd4 Nc6 5. Qe3 Nf6 6. Be2 g6 7. O-O Bg7 8.
Rd1 O-O 9. Nc3 a6 10. Rb1 Qc7 11. Qf4 Bg4 12. Nd5 Nxd5 13. Qxg4 Nf6 14. Qh4 b5
15. a3 Rfe8 16. Bg5 Na5 17. c3 Nb3 18. Nd4 Nc5 19. Bf3 Rab8 20. Nc2 Ne6 21. Bd2
Qc4 22. Ne3 Qa2 23. b4 Nc7 24. Ra1 Qe6 25. Re1 Qd7 26. Rac1 Na8 27. c4 Nb6 28.
Be2 Na4 29. Nd5 Nxd5 30. cxd5 Bb2 31. Rc2 Qb7 32. Bg4 Bf6 33. Bg5 Nb6 34. Re3
Bxg5 35. Qxg5 e6 36. dxe6 fxe6 37. Qf6 Qe7 38. Qxe7 Rxe7 39. Be2 Rd7 40. Rc6
Kf7 41. f4 d5 42. Rh3 Kf6 43. Bg4 Re7 44. e5+ Kg7 45. Bxe6 1-0

[Event "IBCA World Individual Chess Championship"]
[Site "Rzeszow"]
[Date "2025.??.??"]
[Round "6.3"]
[White "Fernandez Lago, David"]
[Black "Nikac, Predrag"]
[Result "1/2-1/2"]
[WhiteElo "2080"]
[BlackElo "2231"]
[PlyCount "105"]
[EventDate "2025.??.??"]

1. e4 c5 2. Nf3 Nc6 3. Bb5 g6 4. Bxc6 bxc6 5. O-O Bg7 6. Re1 Nf6 7. e5 Nd5 8.
c4 Nc7 9. Nc3 O-O 10. d4 cxd4 11. Qxd4 Ne6 12. Qh4 f6 13. Ne4 d5 14. exd6 exd6
15. Be3 d5 16. Rad1 g5 17. Qh5 Rb8 18. cxd5 cxd5 19. Nc3 Rxb2 20. Nxd5 Rb7 21.
Nb6 Bd7 22. Rxd7 Rxd7 23. Nxd7 Qxd7 24. h4 h6 25. Qg4 Qd5 26. Qa4 Rd8 27. Qb3
a6 28. Qxd5 Rxd5 29. hxg5 fxg5 30. Rc1 Ra5 31. Rc2 Kf7 32. Nd2 Bf6 33. Nc4 Ra4
34. Nb6 Rb4 35. Nd5 Rb1+ 36. Kh2 Be5+ 37. g3 Rb5 38. Nc3 Ra5 39. Ne4 Bd4 40.
Nd6+ Kf6 41. Bxd4+ Nxd4 42. Rb2 g4 43. Kg2 Nf3 44. Nc4 Ra4 45. Nd2 Ne1+ 46. Kf1
Nd3 47. Rc2 h5 48. Ke2 Ne5 49. f4 gxf3+ 50. Nxf3 Re4+ 51. Kf2 Ng4+ 52. Kg1 Ra4
53. Nh2 1/2-1/2

[Event "IBCA World Individual Chess Championship"]
[Site "Rzeszow"]
[Date "2025.??.??"]
[Round "6.4"]
[White "Eichstaedt, Mirko"]
[Black "Mueller, Thorsten"]
[Result "1-0"]
[WhiteElo "2205"]
[BlackElo "1976"]
[PlyCount "75"]
[EventDate "2025.??.??"]

1. d4 d5 2. c4 c6 3. cxd5 cxd5 4. Bf4 Nf6 5. Nc3 Nc6 6. e3 Bf5 7. Qb3 Na5 8.
Qa4+ Bd7 9. Qc2 Rc8 10. Bd3 e6 11. Nf3 Bb4 12. O-O Bxc3 13. bxc3 Ne4 14. Bxe4
dxe4 15. Qxe4 Rxc3 16. d5 Rc4 17. Qe5 O-O 18. dxe6 Bxe6 19. Rfd1 Qb6 20. Qh5 f6
21. Rab1 Qa6 22. Nd4 Bf7 23. Qg4 Bg6 24. Rb2 Nc6 25. Nb5 Qa4 26. Nd6 Rb4 27.
Rbd2 Rb6 28. e4 Kh8 29. Be3 Ne5 30. Qe6 Rb2 31. f3 Rxd2 32. Rxd2 Qa3 33. Qb3
Qc1+ 34. Rd1 Qc6 35. Qxb7 Qa4 36. Qb3 Qa6 37. Kf2 h6 38. a4 1-0

[Event "IBCA World Individual Chess Championship"]
[Site "Rzeszow"]
[Date "2025.??.??"]
[Round "6.5"]
[White "Pribeanu, Mihail-Dacian"]
[Black "Kishan, Gangolli"]
[Result "1/2-1/2"]
[WhiteElo "2140"]
[BlackElo "2026"]
[PlyCount "35"]
[EventDate "2025.??.??"]

1. Nf3 d5 2. g3 c5 3. Bg2 Nc6 4. O-O e5 5. d3 Be7 6. e4 d4 7. a4 h5 8. Na3 h4
9. Nc4 hxg3 10. fxg3 Qc7 11. c3 Be6 12. cxd4 cxd4 13. b3 Nh6 14. Bxh6 Rxh6 15.
Rc1 Bxc4 16. Rxc4 a5 17. Rf2 Kf8 18. Qc1 1/2-1/2

[Event "IBCA World Individual Chess Championship"]
[Site "Rzeszow"]
[Date "2025.??.??"]
[Round "6.6"]
[White "Racis, Michal"]
[Black "Jumadullayev, Kuanishbek"]
[Result "1-0"]
[WhiteElo "2104"]
[BlackElo "2082"]
[PlyCount "115"]
[EventDate "2025.??.??"]

1. d4 d5 2. c4 dxc4 3. Nf3 Nf6 4. e3 e6 5. Bxc4 c5 6. O-O Nc6 7. dxc5 Qxd1 8.
Rxd1 Bxc5 9. b3 a6 10. Bb2 O-O 11. Be2 Be7 12. Nbd2 b5 13. a4 b4 14. Nc4 Nd5
15. Rac1 Bf6 16. Bxf6 gxf6 17. Rxd5 exd5 18. Nb6 Bb7 19. Nxa8 Rxa8 20. Nd4 Nd8
21. Bg4 a5 22. Rc5 Kf8 23. Nb5 Ra6 24. Nd4 Ne6 25. Rb5 Nxd4 26. exd4 Rc6 27. h3
Rc1+ 28. Kh2 Ba6 29. Rxa5 Bc4 30. bxc4 dxc4 31. Rb5 Rb1 32. a5 b3 33. Bf5 Ra1
34. Rc5 b2 35. Rxc4 b1=Q 36. Bxb1 Rxb1 37. Ra4 Rb7 38. a6 Ra7 39. Kg3 Ke7 40.
Kf4 Ke6 41. Ra5 Kd6 42. Kf5 Kc7 43. Kxf6 Kb8 44. d5 Rd7 45. a7+ Ka8 46. Ke5
Re7+ 47. Kd4 Re2 48. Ra3 Rxf2 49. g3 Rd2+ 50. Ke5 Re2+ 51. Kd6 h5 52. h4 f5 53.
Kd7 Re4 54. d6 f4 55. gxf4 Rxf4 56. Ke6 Rxh4 57. d7 Rd4 58. Ra5 1-0

[Event "IBCA World Individual Chess Championship"]
[Site "Rzeszow"]
[Date "2025.??.??"]
[Round "6.7"]
[White "Vrioni, Bersan"]
[Black "Mueller, Dominik"]
[Result "0-1"]
[WhiteElo "1950"]
[BlackElo "2247"]
[PlyCount "40"]
[EventDate "2025.??.??"]

1. e4 c5 2. Nf3 Nc6 3. d4 cxd4 4. Nxd4 Nf6 5. f3 g6 6. c4 Bg7 7. Be3 Qb6 8. Nf5
Qxb2 9. Nxg7+ Kf8 10. Nd2 Kxg7 11. Be2 Nd4 12. Bd3 Qc3 13. Qb1 Nc2+ 14. Qxc2
Qxa1+ 15. Nb1 Qe5 16. O-O d6 17. Nc3 Qa5 18. Nd5 Nxd5 19. exd5 e6 20. dxe6 Re8
0-1

[Event "IBCA World Individual Chess Championship"]
[Site "Rzeszow"]
[Date "2025.??.??"]
[Round "6.9"]
[White "Gulamov, Ilkhom"]
[Black "Casadei, Marco"]
[Result "1/2-1/2"]
[WhiteElo "1910"]
[BlackElo "2011"]
[PlyCount "78"]
[EventDate "2025.??.??"]

1. e4 c5 2. c3 g6 3. d4 cxd4 4. cxd4 d5 5. e5 Bg7 6. Nf3 Bg4 7. h3 Bxf3 8. Qxf3
Nc6 9. Bb5 Rc8 10. Nc3 e6 11. O-O Nge7 12. Bg5 O-O 13. Bxc6 Rxc6 14. Nb5 a6 15.
Nc3 Rc4 16. Ne2 Qd7 17. Bxe7 Qxe7 18. Rac1 Rfc8 19. Qe3 R8c6 20. Rxc4 Rxc4 21.
Rc1 Qc7 22. Rc3 b5 23. b3 Rxc3 24. Qxc3 Qxc3 25. Nxc3 Bh6 26. Kf1 Bd2 27. Nd1
Kf8 28. Ke2 Ba5 29. f4 h5 30. g4 hxg4 31. hxg4 Ke7 32. Ne3 Bc3 33. Kd3 Bb2 34.
f5 Bc1 35. fxe6 Bxe3 36. Kxe3 Kxe6 37. Kd3 g5 38. b4 Kd7 39. Ke3 Ke7 1/2-1/2

[Event "IBCA World Individual Chess Championship"]
[Site "Rzeszow"]
[Date "2025.??.??"]
[Round "6.10"]
[White "Kimsanboyev, Axadxon"]
[Black "Lukasiewicz, Ignacy"]
[Result "1-0"]
[WhiteElo "1993"]
[BlackElo "1793"]
[PlyCount "87"]
[EventDate "2025.??.??"]

1. d4 d5 2. c4 c6 3. Nf3 Nf6 4. e3 a6 5. Bd3 e6 6. b3 b5 7. O-O Be7 8. Nbd2 O-O
9. Bb2 Nbd7 10. Qc2 h6 11. Rac1 bxc4 12. bxc4 c5 13. cxd5 Nxd5 14. a3 cxd4 15.
Nxd4 Bb7 16. Ne4 Rc8 17. Qe2 Qb6 18. Rb1 Qa7 19. Nb3 a5 20. Bd4 Qa8 21. Nxa5
Qxa5 22. Rxb7 Rc7 23. Rxc7 Qxc7 24. a4 Ra8 25. Qg4 e5 26. Bb2 Kf8 27. Rc1 Qb7
28. Bb5 N7f6 29. Nxf6 Nxf6 30. Qf5 Rd8 31. Qxe5 Rd5 32. Qc3 Rc5 33. Qe1 Rg5 34.
f3 Bc5 35. Rxc5 Rxc5 36. Ba3 Qe7 37. e4 Kg8 38. Qe3 Qe5 39. Qxc5 Qxh2+ 40. Kxh2
Nxe4 41. fxe4 g6 42. Qf8+ Kh7 43. Qxf7+ Kh8 44. Bb2# 1-0

[Event "IBCA World Individual Chess Championship"]
[Site "Rzeszow"]
[Date "2025.??.??"]
[Round "6.11"]
[White "Arnedo Vigueras, Miguel"]
[Black "Wolanski, Michal"]
[Result "0-1"]
[WhiteElo "1857"]
[BlackElo "1990"]
[PlyCount "136"]
[EventDate "2025.??.??"]

1. e4 c5 2. Nf3 g6 3. d4 cxd4 4. Nxd4 Bg7 5. Nc3 Nc6 6. Be3 Nf6 7. Bc4 Qa5 8.
O-O O-O 9. a3 d6 10. f3 Bd7 11. Qd2 Nxd4 12. Bxd4 Bc6 13. Be3 Rfd8 14. Rad1
Rac8 15. Bb3 Nd7 16. Bd4 Bxd4+ 17. Qxd4 Qc5 18. Rf2 Qxd4 19. Rxd4 Nc5 20. Ba2
b5 21. Rfd2 Rd7 22. Nd5 Kf8 23. Ne3 Rdc7 24. Rd1 Na4 25. Rb1 Bd7 26. Rd2 a5 27.
c3 Rb8 28. Rc2 Rc5 29. Rbc1 Rbc8 30. c4 bxc4 31. Bxc4 Rb8 32. b3 Nb6 33. b4
axb4 34. axb4 Rc7 35. Bb3 Rxc2 36. Rxc2 Be6 37. Nd5 Bxd5 38. exd5 Rc8 39. Rxc8+
Nxc8 40. f4 Kg7 41. Kf2 Kf6 42. Kf3 h5 43. h3 g5 44. g4 h4 45. fxg5+ Kxg5 46.
Ke4 Nb6 47. Kd4 Kf4 48. Bc2 Kg3 49. Bh7 Kxh3 50. Bg8 f6 51. Be6 Kg3 52. Bf5 h3
53. b5 h2 54. Be4 Kxg4 55. Kc3 f5 56. Bh1 f4 57. Kd4 Nd7 58. Kd3 Kg3 59. Ke2
Nb6 60. Be4 f3+ 61. Bxf3 Kf4 62. Kf2 Ke5 63. Kg2 Nxd5 64. Kxh2 Nb6 65. Kg2 Kd4
66. Kf2 e5 67. Bc6 Kd3 68. Ke1 d5 0-1

[Event "IBCA World Individual Chess Championship"]
[Site "Rzeszow"]
[Date "2025.??.??"]
[Round "6.13"]
[White "Salamon, Julia"]
[Black "Kuanyshuly, Nurgisa"]
[Result "1/2-1/2"]
[WhiteElo "1954"]
[BlackElo "1767"]
[PlyCount "79"]
[EventDate "2025.??.??"]

1. d4 Nf6 2. c4 g6 3. Nc3 Bg7 4. e4 d6 5. h3 O-O 6. Be3 e5 7. d5 a5 8. g4 Na6
9. Nge2 b6 10. Ng3 Nc5 11. Be2 Ne8 12. Qd2 Bd7 13. h4 Qc8 14. f3 f5 15. gxf5
gxf5 16. exf5 Bxf5 17. h5 Kh8 18. Rg1 Bf6 19. O-O-O a4 20. Bxc5 bxc5 21. Nge4
Ng7 22. Nxf6 Rxf6 23. Qg5 Qf8 24. Ne4 Bxe4 25. fxe4 h6 26. Qg3 Qf7 27. Rh1 Rf8
28. Qe3 Kh7 29. Rdf1 Rf2 30. Rxf2 Qxf2 31. Qxf2 Rxf2 32. Kd2 Ne8 33. Ke3 Rf4
34. Rf1 Rxf1 35. Bxf1 Nf6 36. Be2 Nd7 37. Bg4 Nb6 38. Kd3 Kg7 39. Bf5 Kf6 40.
Bg6 1/2-1/2

[Event "IBCA World Individual Chess Championship"]
[Site "Rzeszow"]
[Date "2025.??.??"]
[Round "6.15"]
[White "Falkowski, Dawid"]
[Black "Tryjanska, Emilia"]
[Result "1/2-1/2"]
[WhiteElo "1971"]
[BlackElo "1828"]
[PlyCount "77"]
[EventDate "2025.??.??"]

1. e4 e5 2. Nf3 Nc6 3. d4 exd4 4. Bc4 Nf6 5. e5 d5 6. Bb5 Ne4 7. Nxd4 Bc5 8.
Be3 Bd7 9. Bxc6 bxc6 10. O-O O-O 11. f3 Ng5 12. f4 Ne6 13. c3 Qh4 14. f5 Qe4
15. Qd2 Nxd4 16. cxd4 Bb4 17. Qf2 Bxf5 18. a3 Ba5 19. b4 Bb6 20. Nd2 Qd3 21.
Rab1 Bd7 22. Rb3 Qg6 23. Bf4 f6 24. Rg3 Qf5 25. Qe3 Qe6 26. Bh6 Rf7 27. exf6 g6
28. Qf4 Re8 29. h4 Qe5 30. Kh2 Bxd4 31. Nf3 Qxf4 32. Bxf4 Bxf6 33. h5 Bf5 34.
Ng5 Rfe7 35. hxg6 Bxg6 36. Rc1 Be5 37. Bxe5 Rxe5 38. Rxc6 Re3 39. Rxc7 1/2-1/2

[Event "IBCA World Individual Chess Championship"]
[Site "Rzeszow"]
[Date "2025.??.??"]
[Round "6.17"]
[White "Spionkowski, Fabian"]
[Black "Chojnowski, Marcin"]
[Result "0-1"]
[WhiteElo "1823"]
[BlackElo "1935"]
[PlyCount "112"]
[EventDate "2025.??.??"]

1. f4 d5 2. Nf3 e6 3. e3 Be7 4. Be2 c5 5. d4 Nh6 6. O-O Nc6 7. c3 O-O 8. a4 f6
9. Na3 Nf7 10. Bd3 e5 11. fxe5 fxe5 12. dxe5 g6 13. e4 c4 14. Bc2 Be6 15. Nd4
Qb6 16. Kh1 Nxd4 17. cxd4 Rad8 18. exd5 Bxd5 19. Qe2 Qxd4 20. e6 Ne5 21. Bh6
Rxf1+ 22. Rxf1 Bxe6 23. Re1 Bf6 24. Rf1 Bh8 25. Nb5 Qc5 26. Nc3 Bg4 27. Qe4 Qc6
28. Nd5 Qc5 29. Nc3 Bg7 30. Bxg7 Kxg7 31. Qxb7+ Rd7 32. Qa8 Nd3 33. Ne4 Qe7 34.
Qc6 Bf5 35. Ng3 Be6 36. Qf3 Bd5 37. Qg4 Kh8 38. Qd4+ Kg8 39. Qg4 Ne5 40. Qf4
Nd3 41. Qg4 Ne1 42. Ne4 Bxe4 43. Bxe4 Nd3 44. h3 Kg7 45. Bc6 Rd6 46. Qxc4 Ne5
47. Qc3 Rxc6 48. Qd4 Re6 49. b4 Kg8 50. b5 Nf7 51. Qc3 Nd6 52. Qb4 Nf5 53. Qc3
h5 54. a5 h4 55. Qc8+ Kh7 56. Qc3 Ng3+ 0-1

[Event "IBCA World Individual Chess Championship"]
[Site "Rzeszow"]
[Date "2025.??.??"]
[Round "6.18"]
[White "Egeman, Emilia"]
[Black "Polnar, Josef"]
[Result "1/2-1/2"]
[WhiteElo "1933"]
[BlackElo "1777"]
[PlyCount "94"]
[EventDate "2025.??.??"]

1. e4 c5 2. Nf3 Nc6 3. d4 cxd4 4. Nxd4 d6 5. c4 g6 6. Nc3 Bg7 7. Be3 Nf6 8. Be2
O-O 9. Qd2 Bd7 10. O-O-O a6 11. Kb1 Qa5 12. a3 Rfd8 13. f3 Nxd4 14. Bxd4 b5 15.
Nd5 Qxd2 16. Nxf6+ Bxf6 17. Rxd2 Bg5 18. Rc2 Rdc8 19. h4 Bf4 20. h5 g5 21. b3
h6 22. Rd1 Be8 23. Bb2 f6 24. Rg1 Be3 25. Rh1 Kg7 26. Bd3 Rc7 27. g3 Rac8 28.
Re1 Bb6 29. Rh2 e5 30. f4 Ba5 31. Rf1 Bb6 32. fxg5 fxg5 33. Rhh1 Rf7 34. Rxf7+
Kxf7 35. Rf1+ Ke7 36. Be2 Bd7 37. Bc3 Rf8 38. Rxf8 Kxf8 39. cxb5 axb5 40. Bd1
Bf2 41. g4 Ke7 42. a4 Bc5 43. b4 Be3 44. Be2 bxa4 45. Kb2 Bc6 46. Bd3 Bd7 47.
Be2 Bc6 1/2-1/2

[Event "IBCA World Individual Chess Championship"]
[Site "Rzeszow"]
[Date "2025.??.??"]
[Round "6.19"]
[White "Morariu, Ionel"]
[Black "Polnarova, Tatana"]
[Result "1-0"]
[WhiteElo "1933"]
[BlackElo "1737"]
[PlyCount "57"]
[EventDate "2025.??.??"]

1. e4 e5 2. f4 exf4 3. Nf3 d6 4. Bc4 Be6 5. Be2 f5 6. Nc3 Nf6 7. Nd4 Bd7 8.
exf5 Nc6 9. Nxc6 Bxc6 10. O-O Qd7 11. Bh5+ Nxh5 12. Qxh5+ Qf7 13. Re1+ Be7 14.
Qe2 Kf8 15. d4 Bf6 16. Qd3 Bg5 17. Rf1 Bd7 18. Bxf4 Bxf4 19. Rxf4 d5 20. Raf1
Re8 21. Qf3 c6 22. Nd1 Qf6 23. Nf2 h5 24. Nd3 Kg8 25. Ne5 Qd6 26. f6 Re6 27.
fxg7 Kxg7 28. Rf7+ Kh6 29. Qf4# 1-0

[Event "IBCA World Individual Chess Championship"]
[Site "Rzeszow"]
[Date "2025.??.??"]
[Round "6.20"]
[White "Hogan, Gary"]
[Black "Migala, Andrzej"]
[Result "1/2-1/2"]
[WhiteElo "1737"]
[BlackElo "1884"]
[PlyCount "23"]
[EventDate "2025.??.??"]

1. c4 e5 2. g3 Nc6 3. Bg2 Bc5 4. Nc3 a6 5. Nf3 d6 6. O-O Ba7 7. e3 Nf6 8. d4
O-O 9. h3 h6 10. a3 Rb8 11. b4 Bf5 12. Bb2 1/2-1/2

[Event "IBCA World Individual Chess Championship"]
[Site "Rzeszow"]
[Date "2025.??.??"]
[Round "6.22"]
[White "Zhakov, Aleksandr"]
[Black "Horbal, Jozef"]
[Result "0-1"]
[WhiteElo "1686"]
[BlackElo "1829"]
[PlyCount "104"]
[EventDate "2025.??.??"]

1. Nf3 e6 2. c4 Nf6 3. b3 Be7 4. Bb2 O-O 5. g3 b6 6. Bg2 Bb7 7. O-O c5 8. Nc3
d6 9. e3 a6 10. Qe2 Nbd7 11. Rfd1 Qc7 12. Rac1 Rad8 13. d3 Rfe8 14. h3 Bc6 15.
e4 h6 16. Re1 Nf8 17. Rcd1 N6d7 18. Qc2 Bf6 19. Nh2 Ne5 20. Ne2 Ned7 21. Ng4
Bxb2 22. Qxb2 Nh7 23. Nf4 Nhf6 24. Ne3 Bb7 25. h4 Ne5 26. Nc2 d5 27. Qc1 dxe4
28. dxe4 Rxd1 29. Qxd1 Rd8 30. Qe2 Qd6 31. Kf1 Qd2 32. f3 Qxe2+ 33. Rxe2 Rd7
34. Ke1 g5 35. hxg5 hxg5 36. Nh3 g4 37. fxg4 Nfxg4 38. Nf4 Nd3+ 39. Nxd3 Rxd3
40. e5 Bxg2 41. Rxg2 Nxe5 42. Ke2 Rc3 43. Ne1 Rc1 44. Kd2 Ra1 45. Nc2 Rxa2 46.
Kc3 Nf3 47. Re2 Nd4 48. Nxd4 cxd4+ 49. Kd3 Rxe2 50. Kxe2 a5 51. Kd3 e5 52. Ke4
Kg7 0-1

[Event "IBCA World Individual Chess Championship"]
[Site "Rzeszow"]
[Date "2025.??.??"]
[Round "6.23"]
[White "Melnik, Stefan"]
[Black "Madjeric, Miroslav"]
[Result "1/2-1/2"]
[WhiteElo "1797"]
[BlackElo "1719"]
[PlyCount "48"]
[EventDate "2025.??.??"]

1. Nf3 Nf6 2. g3 g6 3. Bg2 Bg7 4. O-O O-O 5. d3 d6 6. c4 e5 7. Nc3 Nc6 8. Rb1
Be6 9. Nd2 Qd7 10. b4 Rab8 11. Nce4 Nxe4 12. Nxe4 Bh3 13. Bxh3 Qxh3 14. Qb3 Nd4
15. Qd1 Qg4 16. f3 Qd7 17. e3 Ne6 18. Bb2 f5 19. Nc3 f4 20. e4 fxg3 21. hxg3
Nd4 22. Nd5 Qh3 23. Bxd4 Qxg3+ 24. Kh1 Qh3+ 1/2-1/2

[Event "IBCA World Individual Chess Championship"]
[Site "Rzeszow"]
[Date "2025.??.??"]
[Round "6.24"]
[White "Muratova, Aliya"]
[Black "Kulpinski, Piotr"]
[Result "0-1"]
[WhiteElo "1471"]
[BlackElo "1827"]
[PlyCount "94"]
[EventDate "2025.??.??"]

1. d4 Nf6 2. Nf3 e6 3. g3 b6 4. Bg2 Bb7 5. c4 Bb4+ 6. Nc3 Ne4 7. Qc2 Nxc3 8.
bxc3 Be7 9. O-O O-O 10. e4 d6 11. h4 Nd7 12. Bg5 e5 13. Rad1 Bxg5 14. Nxg5 Qe7
15. Rfe1 h6 16. Nh3 Qe6 17. Qd3 Ba6 18. Bf1 Rab8 19. a4 Bb7 20. f4 Rbd8 21. Qf3
f5 22. d5 Qf6 23. fxe5 Nxe5 24. Qxf5 Qxf5 25. exf5 Nf3+ 26. Kg2 Nxe1+ 27. Rxe1
Rxf5 28. Re7 Rf7 29. Re3 Bc8 30. Nf4 Bd7 31. Bd3 Bxa4 32. Ne6 Ra8 33. Bg6 Re7
34. Rf3 Bb3 35. Bd3 a5 36. Rf1 a4 37. Ra1 b5 38. Nd4 bxc4 39. Bf5 Re3 40. Be6+
Kh8 41. Nb5 c6 42. Nxd6 cxd5 43. Bxd5 Ra6 44. Nf7+ Kh7 45. h5 Ra5 46. Bf3 Rxf3
47. Kxf3 Rf5+ 0-1

[Event "IBCA World Individual Chess Championship"]
[Site "Rzeszow"]
[Date "2025.??.??"]
[Round "6.25"]
[White "Horbalova, Ivana"]
[Black "Sanchez Ruiz, Piedad Esmeralda"]
[Result "0-1"]
[WhiteElo "1528"]
[BlackElo "1733"]
[PlyCount "86"]
[EventDate "2025.??.??"]

1. c4 e5 2. g3 Nc6 3. Bg2 d6 4. e3 Be6 5. b3 Nf6 6. Ne2 d5 7. cxd5 Bxd5 8. f3
Be7 9. Nbc3 Be6 10. Bb2 Qd7 11. Nb5 a6 12. Na3 b5 13. Nc2 Rd8 14. d4 exd4 15.
Nexd4 Nxd4 16. Qxd4 c5 17. Qxd7+ Rxd7 18. Rd1 O-O 19. Rxd7 Nxd7 20. Kd2 a5 21.
Na3 b4 22. Nc4 a4 23. Kc2 a3 24. Ba1 Bf6 25. Bxf6 Nxf6 26. e4 Rd8 27. Rd1 Rxd1
28. Kxd1 Kf8 29. Ke2 Ke7 30. Bf1 Nd7 31. f4 f6 32. Kd3 Nb8 33. h4 Nc6 34. f5
Bf7 35. Be2 Ne5+ 36. Kc2 Nxc4 37. bxc4 Kd6 38. Kb3 Ke5 39. Bd3 Be8 40. Bc2 Bc6
41. g4 Bxe4 42. Bd1 h6 43. h5 Kf4 0-1

[Event "IBCA World Individual Chess Championship"]
[Site "Rzeszow"]
[Date "2025.??.??"]
[Round "6.26"]
[White "Ikromalieva, Sabokhat"]
[Black "Dilkova, Ilinka"]
[Result "0-1"]
[WhiteElo "1574"]
[BlackElo "1606"]
[PlyCount "88"]
[EventDate "2025.??.??"]

1. d4 d5 2. Bf4 Nf6 3. e3 a6 4. Bd3 e6 5. Nd2 c5 6. c3 c4 7. Bc2 Bd6 8. Bg3 Nc6
9. Ngf3 O-O 10. Ne5 Qc7 11. f4 Be7 12. O-O Qb6 13. b4 cxb3 14. axb3 Ne8 15. Qh5
Nf6 16. Qh3 Qd8 17. Ndf3 h6 18. Nxc6 bxc6 19. Ne5 c5 20. Nc6 Qe8 21. Nxe7+ Qxe7
22. Bh4 cxd4 23. exd4 e5 24. Bxf6 Qxf6 25. Qh5 exd4 26. Qxd5 Be6 27. Qe4 g6 28.
Qxd4 Qxd4+ 29. cxd4 Rfc8 30. Be4 Rab8 31. d5 Bd7 32. f5 Bb5 33. Rfd1 Re8 34.
Rd4 g5 35. Kf2 Rb6 36. Rad1 Rd6 37. Rc1 Kg7 38. Kf3 Kf6 39. h4 Ke5 40. Rb4 Rb8
41. Kg3 a5 42. Rxb5 Rxb5 43. Rc4 Rxb3+ 44. Kg4 Rb4 0-1

[Event "IBCA World Individual Chess Championship"]
[Site "Rzeszow"]
[Date "2025.??.??"]
[Round "6.28"]
[White "Lherbon De Lussats, Jean"]
[Black "Galani, Mahendra"]
[Result "1-0"]
[WhiteElo "1529"]
[BlackElo "1593"]
[PlyCount "145"]
[EventDate "2025.??.??"]

1. c4 e5 2. Nc3 Nf6 3. g3 c6 4. Bg2 d5 5. cxd5 cxd5 6. e3 e4 7. Nge2 Nc6 8. a3
Ne5 9. Nf4 Be7 10. d4 Bg4 11. Qa4+ Nc6 12. O-O O-O 13. f3 Bf5 14. Qc2 Qd7 15.
fxe4 dxe4 16. Nxe4 Rac8 17. Nxf6+ Bxf6 18. Be4 Ne7 19. Qd3 Bxe4 20. Qxe4 Bg5
21. Bd2 Rfe8 22. Qd3 Nc6 23. Rf3 Bxf4 24. Rxf4 Ne5 25. Qe2 Nc4 26. Rb1 Nxd2 27.
Qxd2 Re6 28. d5 Rg6 29. Kg2 Rc5 30. e4 Rh6 31. h4 Qd8 32. Qd3 g5 33. Rg4 Rg6
34. b4 Rc7 35. e5 Rd7 36. d6 Re6 37. Rxg5+ Kh8 38. Qd4 b6 39. Rf1 h6 40. Rh5
Qf8 41. Rhf5 Qg7 42. Rf6 Kg8 43. R1f4 h5 44. R4f5 Qh8 45. Rg5+ Kf8 46. Rgf5 Qh7
47. Qf4 Rxf6 48. Rxf6 Qc2+ 49. Kh3 Qh7 50. Qf3 Kg7 51. Qf4 Kg8 52. Qg5+ Kf8 53.
Rh6 Qg8 54. Qf5 Qg4+ 55. Qxg4 hxg4+ 56. Kxg4 Kg7 57. Rf6 Kg8 58. h5 Kg7 59. Kg5
Kh7 60. Kf5 Kg7 61. g4 Kh7 62. g5 Kg7 63. g6 fxg6+ 64. Rxg6+ Kf8 65. Rf6+ Kg8
66. Ke6 Rh7 67. h6 Rh8 68. d7 Kh7 69. Kf7 Rd8 70. Ke7 Rh8 71. d8=Q Rxd8 72.
Kxd8 Kg8 73. e6 1-0

[Event "IBCA World Individual Chess Championship"]
[Site "Rzeszow"]
[Date "2025.??.??"]
[Round "7.1"]
[White "Pulvett Marin, Daniel Eduardo"]
[Black "Tazbir, Marcin"]
[Result "1/2-1/2"]
[WhiteElo "2483"]
[BlackElo "2529"]
[PlyCount "26"]
[EventDate "2025.??.??"]

1. d4 Nf6 2. c4 e6 3. Nc3 Bb4 4. e3 O-O 5. Bd2 b6 6. Nf3 Bb7 7. Bd3 d6 8. O-O
Nbd7 9. a3 Bxc3 10. Bxc3 Ne4 11. Be1 f5 12. b4 Qf6 13. a4 Qg6 1/2-1/2

[Event "IBCA World Individual Chess Championship"]
[Site "Rzeszow"]
[Date "2025.??.??"]
[Round "7.2"]
[White "Nikac, Predrag"]
[Black "Racis, Michal"]
[Result "1-0"]
[WhiteElo "2231"]
[BlackElo "2104"]
[PlyCount "33"]
[EventDate "2025.??.??"]

1. e4 c5 2. Nf3 Nc6 3. Nc3 d6 4. d4 cxd4 5. Nxd4 Nf6 6. Be2 e5 7. Nb3 Be7 8.
O-O O-O 9. f4 Be6 10. f5 Bxb3 11. cxb3 Nd4 12. Bc4 b5 13. Bd5 Nxd5 14. Nxd5 Bg5
15. f6 Bxc1 16. Rxc1 g6 17. Qd2 1-0

[Event "IBCA World Individual Chess Championship"]
[Site "Rzeszow"]
[Date "2025.??.??"]
[Round "7.3"]
[White "Fernandez Lago, David"]
[Black "Eichstaedt, Mirko"]
[Result "1/2-1/2"]
[WhiteElo "2080"]
[BlackElo "2205"]
[PlyCount "70"]
[EventDate "2025.??.??"]

1. e4 c6 2. d4 d5 3. exd5 cxd5 4. c4 Nf6 5. Nc3 e6 6. Nf3 Nc6 7. c5 Ne4 8. Bf4
Be7 9. Bb5 Nxc3 10. bxc3 Bd7 11. O-O Qa5 12. Qb3 b6 13. cxb6 axb6 14. Rfb1 O-O
15. Bxc6 Bxc6 16. Qxb6 Qxb6 17. Rxb6 Rfc8 18. Ne5 Be8 19. Bd2 Ra7 20. Kf1 Rca8
21. Nc6 Bxc6 22. Rxc6 g5 23. c4 Rxa2 24. Rxa2 Rxa2 25. Be3 dxc4 26. Rxc4 g4 27.
d5 exd5 28. Rxg4+ Kf8 29. Rd4 Ra5 30. Ke2 h5 31. Rd3 f6 32. Bd4 Kf7 33. Rh3
Ra2+ 34. Kd1 Ra4 35. Rd3 Bd6 1/2-1/2

[Event "IBCA World Individual Chess Championship"]
[Site "Rzeszow"]
[Date "2025.??.??"]
[Round "7.4"]
[White "Mueller, Dominik"]
[Black "Kimsanboyev, Axadxon"]
[Result "1/2-1/2"]
[WhiteElo "2247"]
[BlackElo "1993"]
[PlyCount "83"]
[EventDate "2025.??.??"]

1. e4 c5 2. c3 Nf6 3. e5 Nd5 4. g3 d6 5. exd6 Qxd6 6. Qe2 g6 7. Na3 a6 8. Nc4
Qe6 9. Bg2 Qxe2+ 10. Nxe2 Be6 11. d4 Nd7 12. Ne3 N7f6 13. dxc5 Rc8 14. Nd4 Nxe3
15. Bxe3 Bd5 16. Bxd5 Nxd5 17. b4 Nxc3 18. Ne6 Nd5 19. Bd4 f6 20. a3 Bh6 21.
Bb2 Kf7 22. Nd4 a5 23. c6 axb4 24. cxb7 Rb8 25. a4 Rxb7 26. a5 Rc8 27. f4 Ne3
28. Ke2 Nc4 29. Rhc1 e5 30. a6 Re7 31. Rxc4 Rxc4 32. a7 exd4+ 33. Kd3 Rc8 34.
a8=Q Rxa8 35. Rxa8 Re3+ 36. Kd2 Bf8 37. Bxd4 Ra3 38. Rb8 Ra2+ 39. Kd3 Rxh2 40.
Rb7+ Ke6 41. Rb6+ Kd7 42. Bxf6 1/2-1/2

[Event "IBCA World Individual Chess Championship"]
[Site "Rzeszow"]
[Date "2025.??.??"]
[Round "7.5"]
[White "Stachanczyk, Jacek"]
[Black "Magnusson, Jorgen"]
[Result "1-0"]
[WhiteElo "2122"]
[BlackElo "2237"]
[PlyCount "63"]
[EventDate "2025.??.??"]

1. e4 d6 2. d4 Nf6 3. Nc3 g6 4. f4 Bg7 5. Nf3 c5 6. d5 O-O 7. Bd3 c4 8. Bxc4 b5
9. Bd3 b4 10. Nb1 Qb6 11. Qe2 Nbd7 12. Be3 Nc5 13. Nbd2 Bb7 14. O-O Rac8 15. a3
a5 16. axb4 axb4 17. Kh1 Qc7 18. Bd4 Nxd3 19. cxd3 Nd7 20. Bxg7 Kxg7 21. Nd4
Kg8 22. N2f3 Nc5 23. Qe3 e5 24. fxe5 dxe5 25. Nc6 Nb3 26. Ra7 f6 27. Qe1 Qb6
28. Ne7+ Kh8 29. Nxc8 Rxc8 30. Qf2 Nd4 31. Nxd4 exd4 32. Raa1 1-0